| 000 | 00547nam a2200193 a 4500 | ||
|---|---|---|---|
| 001 | 767 | ||
| 003 | CO-ViMGA | ||
| 008 | 141112s2004 ck r 000 u spa d | ||
| 040 |
_aCO-ViMGA _bspa _cCO-ViMGA |
||
| 082 | 0 | 4 | _a833.8 Z437f |
| 100 | 1 |
_aNitzsche, Friedrich _948646 |
|
| 245 | 1 | 0 | _aFragmentos póstumos |
| 260 |
_aSantafé de Bogotá : _bNorma, _c1995 |
||
| 300 | _a195, 120 p | ||
| 490 | _aCara y cruz | ||
| 500 | _aEncuadernado con A propósito de Friedrich Nietzsche y su obra. | ||
| 650 | 1 | 4 |
_aENSAYOS ALEMANES _94945 |
| 942 |
_2ddc _cBK |
||
| 999 |
_c13004 _d13004 |
||